LEADER 01473nam a2200289 u 4500 001 000000020402 003 CaOOAMICUS 005 20070226110909.0 008 950219s1957 it u000 u ita u 035 $a10498329 040 $aBAV-R2$bita$dPUL(R) 100 1 $aNada, Narciso.$0(OLS)http://pul/name/17739 245 10$aMetternich e le riforme nello Stato Pontificio :$bla Missione Sebregondi a Roma (1832-1836) /$cNarcisco Nada. 260 $aTorino :$bDeputazione Subalpina di Storia Patria,$c1957. 300 $axiii, 234 p. ;$c25 cm 490 1 $aBiblioteca di storia italiana recente.$aNuova Serie ;$v3 504 $aBibliografia in nota. 600 14$aMetternich-Winneburg, Clemens Lothar Wenzel,$cFürst von,$d1773-1859.$0(OLS)http://pul/subject/13508 600 14$aSebregondi, Giuseppe.$0(OLS)http://pul/subject/13509 651 4$aStati Pontifici$zAustria$xRelazioni estere$y1832-1836.$0(OLS)http://pul/subject/13510 830 0$aBiblioteca di storia italiana recente.$nNuova Serie ;$v3.$0(OLS)http://pul/title/6468 850 $aPUL 852 $aPUL$W1$xSL Filosofia 1$y2$m117 G 67$j28660$nBK-PRI$b $qStampati$B28660$CPULBib$Z2$F28660 $H $81 941 1 $a8 961 $aINV: 63031 996 $6245$aMetternich e le riforme nello Stato Pontificio :$bla Missione Sebregondi a Roma (1832-1836)$9(OLS)http://pul/title/28733 996 $6260$aTorino :$bDeputazione Subalpina di Storia Patria$9(OLS)http://pul/publisher/56594 LEADER 01091nam a2200265 u 4500 001 000000053200 003 CaOOAMICUS 005 20070226115532.0 008 001109s1987 it u000 u ita u 020 $a8870267784 035 $a10860734 040 $aPUL$bita 100 1 $aLazzarin, Piero.$0(OLS)http://pul/name/37868 245 13$aIl libro dei santi :$bpiccola enciclopedia /$cPiero Lazzarin ; introduzione di Luigi Santucci. 260 $aPadova :$bEd. Messaggero,$c1987. 300 $a587 p. ;$c23 cm 650 4$aSanti$xBiografia$xDizionari.$0(OLS)http://pul/subject/18667 700 1 $aSantucci, Luigi,$d1918-$0(OLS)http://pul/name/9021 850 $aPUL 852 $aPUL$W1$xSL Cons. Gen., Altre Classi 1$y1$m2016 F $j56734$nBK-PRI$b $qStampati$B70225$CPULBib$Z2$F70225 $H $81 941 1 $a8 961 $aINV: 83201 996 $6020$a8870267784$9(OLS)http://pul/number/67074 996 $6245$aIl libro dei santi :$bpiccola enciclopedia$9(OLS)http://pul/title/71349 996 $6260$aPadova :$bEd. Messaggero$9(OLS)http://pul/publisher/61039